Elementos de administración de crédito y cobranza/ (Registro nro. 9226)
[ vista simple ]
| 000 -LEADER | |
|---|---|
| fixed length control field | 00965nam a2200205Ia 4500 |
| 005 - FECHA Y HORA DE LA ÚLTIMA TRANSACCIÓN | |
| control field | 20230911084837.0 |
| 008 - FIXED-LENGTH DATA ELEMENTS--GENERAL INFORMATION | |
| fixed length control field | 230906s9999 xx 000 0 und d |
| 020 ## - INTERNATIONAL STANDARD BOOK NUMBER | |
| International Standard Book Number | 978-968-24-8099-7 |
| 040 ## - CATALOGING SOURCE | |
| Original cataloging agency | UPAN |
| Transcribing agency | Biblioteca San Vicente |
| Description conventions | RCAA2 |
| 041 ## - LANGUAGE CODE | |
| Language code of text/sound track or separate title | spa |
| 082 ## - DEWEY DECIMAL CLASSIFICATION NUMBER | |
| Classification number | 658.88 |
| Item number | V555e |
| año de publicación | 2007 |
| 100 ## - MAIN ENTRY--PERSONAL NAME | |
| Personal name | Villaseñor Fuentes, Emilio |
| Relator code | aut. |
| 245 #0 - TITLE STATEMENT | |
| Title | Elementos de administración de crédito y cobranza/ |
| Statement of responsibility, etc | Emiliio Villaseñor Fuente |
| 250 ## - EDITION STATEMENT | |
| Edition statement | 4° ed. |
| 260 ## - PUBLICATION, DISTRIBUTION, ETC. (IMPRINT) | |
| Place of publication, distribution, etc | México: |
| Name of publisher, distributor, etc | Trillas. |
| Date of publication, distribution, etc | 2013 |
| 300 ## - PHYSICAL DESCRIPTION | |
| Extent | 341 p.; |
| Dimensions | 22 cm. |
| 505 ## - FORMATTED CONTENTS NOTE | |
| Formatted contents note | Cap. 1 Introducción<br/>Cap. 2 El departamento de crédito<br/>Cap. 3 Administración en el crédito<br/>Cap. 4 Análisis y otorgamiento del crédito<br/>Cap. 5 Políticas y procedimientos de la cobranza<br/>Cap. 6 Sistemas electrónicos para procesamiento de datos<br/>Cap. 7 Títulos de crédito<br/>Cap. 8 Gestión de cobranza por créditos de terceros al cliente |
| 650 ## - SUBJECT ADDED ENTRY--TOPICAL TERM | |
| Source of heading or term | LEMB |
| General subdivision | Crédito - Administración |
| 942 ## - ADDED ENTRY ELEMENTS (KOHA) | |
| Koha item type | Libros |
| Source of classification or shelving scheme | Dewey Decimal Classification |
| Withdrawn status | Lost status | Source of classification or shelving scheme | Damaged status | Not for loan | Collection code | Home library | Current library | Date acquired | Total Checkouts | Full call number | Barcode | Date last seen | Copy number | Price effective from | Koha item type |
|---|---|---|---|---|---|---|---|---|---|---|---|---|---|---|---|
| Dewey Decimal Classification | Colección General | Biblioteca UPAN San Vicente | Biblioteca UPAN San Vicente | 06/09/2023 | 658.88 V555e | 12003295 | 06/09/2023 | 01 | 06/09/2023 | Libros | |||||
| Dewey Decimal Classification | Colección General | Biblioteca UPAN San Vicente | Biblioteca UPAN San Vicente | 11/09/2023 | 658.88 V555e | 12003294 | 11/09/2023 | 02 | 11/09/2023 | Libros | |||||
| Dewey Decimal Classification | Colección General | Biblioteca UPAN San Vicente | Biblioteca UPAN San Vicente | 11/09/2023 | 658.88 V555e | 12003296 | 11/09/2023 | 03 | 11/09/2023 | Libros |